000 00706nam a22002177a 4500
003 MN-UlNLM
005 20260303161043.0
008 260303b mp ||||| |||| 00| 0 mon d
020 _a9786018066399
040 _aБаян-Өлгий аймгийн төв номын сан
_bkaz
_cMN-UlNLM
_dMN-UlNLM
_erda
041 _akaz
084 _2NNA
_a84(5Каз)
_bҚ39
_q84
100 _aҚаңтарбаев.Э,
_q(Элiбек)
245 _aЖцлдыдар сөнбейдi
264 _aАлматы:
_b(Баспа)
_c2017.
300 _a338 хуудастай:
_c25см
336 _2rdaconnect
_atext
_btxt
337 _2rdamedia
_aunmediated
_bn
338 _2rdacarrier
_avolume
_bnc
942 _2NNA
_cBK
999 _c1156134
_d1156191